书目信息 |
| 题名: |
慢性支气管炎临床检查与最佳治疗方案
|
|
| 作者: | 刘平 , 张晓明 主编 | |
| 分册: | ||
| 出版信息: | 天津 天津科学技术出版社 2005.01 |
|
| 页数: | 241页 | |
| 开本: | 22cm | |
| 丛书名: | ||
| 单 册: | ||
| 中图分类: | R562.5 | |
| 科图分类: | R562.5 | |
| 主题词: | 胸腔疾病 , 慢性病-支气管炎-诊疗 | |
| 电子资源: | ||
| ISBN: | 7-5308-3544-0 | |
| 000 | 00735nam0 2200229 450 | |
| 001 | 0631089655 | |
| 005 | 20061011090734.31 | |
| 010 | @a7-5308-3544-0@dCNY 12.00 | |
| 100 | @a20060825d2005 km y0chiy0120 ea | |
| 101 | 0 | @achi |
| 102 | @aCN@b120000 | |
| 200 | 1 | @a慢性支气管炎临床检查与最佳治疗方案@Aman xing zhi qi guan yan lin chuang jian cha yu zui jia zhi liao fang an@f刘平,张晓明主编@Fliu ping,zhang xiao ming zhu bian |
| 210 | @a天津@c天津科学技术出版社@d2005.01 | |
| 215 | @a241页@d22cm | |
| 606 | 0 | @a胸腔疾病 |
| 606 | 0 | @a慢性病-支气管炎-诊疗 |
| 690 | @aR562.5@v4 | |
| 692 | @aR562.5 | |
| 701 | 0 | @a刘平@Aliu ping@4主编 |
| 701 | 0 | @a张晓明@Azhang xiao ming@4主编 |
| 801 | 0 | @aCN@c20061011 |
| 905 | @apdsgxy@dR562.5@eL652 | |
| 慢性支气管炎临床检查与最佳治疗方案/刘平,张晓明主编.-天津:天津科学技术出版社,2005.01 |
| 241页;22cm |
| ISBN 7-5308-3544-0:CNY 12.00 |
| ● |
| 相关链接 |
|
|
|
正题名:慢性支气管炎临床检查与最佳治疗方案
索取号:R562.5/L652
 
预约/预借
| 序号 | 登录号 | 条形码 | 馆藏地/架位号 | 状态 | 备注 |
| 1 | 609693 | 206096936 | 自科库401/401自科库 18排3列5层/ [索取号:R562.5/L652] | 在馆 | |
| 2 | 609694 | 206096945 | 自科库401/401自科库 18排3列5层/ [索取号:R562.5/L652] | 在馆 | |
| 3 | 609695 | 206096954 | 自科库401/401自科库 18排3列5层/ [索取号:R562.5/L652] | 在馆 |